header

Reading in Social Studies: Ancient Times (Record no. 260895)

MARC details
000 -LEADER
fixed length control field 00258nam a22001097a 4500
020 ## - INTERNATIONAL STANDARD BOOK NUMBER
ISBN 0130683876
100 ## - MAIN ENTRY--AUTHOR NAME
Personal name Glenview
245 ## - TITLE STATEMENT
Title Reading in Social Studies: Ancient Times
260 ## - PUBLICATION, DISTRIBUTION, ETC. (IMPRINT)
Place of publication New Jersey
Name of publisher Prentice Hall
Year of publication 2003
300 ## - PHYSICAL DESCRIPTION
Number of Pages 247 pgs
942 ## - ADDED ENTRY ELEMENTS (KOHA)
Koha item type Long Loan Books
Holdings
Withdrawn status Lost status Collection code Home library Current library Shelving location Date acquired Accession Number Koha item type
    Fiction Rongo University Library Rongo University Library Children's Area 12/10/2023 CL20221921 Long Loan Books

© 2026 Rongo University
Contact us: librarian | system librarian | Rongo university